[Event "CRO-chT2 East"]
[Site "Osijek"]
[Date "2013.04.20"]
[Round "2.53"]
[White "Aleksic, Robert"]
[Black "Opacak, Ivan"]
[Result "1-0"]
[WhiteElo "2216"]
[BlackElo "1879"]
[PlyCount "87"]
[EventDate "2013.04.20"]
[EventType "team-tourn"]
[EventRounds "11"]
[EventCountry "CRO"]
[SourceTitle "EXT 2023"]
[Source "ChessBase"]
[SourceDate "2022.10.05"]
[SourceVersion "1"]
[SourceVersionDate "2022.10.05"]
[SourceQuality "1"]

1. e4 e6 2. d4 d5 3. Nd2 Nf6 4. e5 Nfd7 5. f4 c5 6. c3 Nc6 7. Ngf3 Qb6 8. Nb3 cxd4 9. cxd4 Bb4+ 10. Kf2 a5 11. Be3 f5 12. Ng5 Nf8 13. Bd3 h5 14. Rb1 Be7 15. Be2 g6 16. Nf3 Qd8 17. Rc1 Bd7 18. Nc5 Ra7 19. Nxd7 Nxd7 20. Bb5 Ndb8 21. Qa4 Qb6 22. Ne1 Kf7 23. Nd3 Rc8 24. Rc2 Na6 25. a3 Nab4 26. Rc3 Nxd3+ 27. Rxd3 Nb4 28. Rc3 Rxc3 29. bxc3 Nc6 30. Rb1 Qc7 31. c4 Bf8 32. cxd5 exd5 33. Rc1 Qe7 34. Bxc6 bxc6 35. Qxc6 Qh4+ 36. Kg1 Bxa3 37. Qxd5+ Kg7 38. Rb1 Rc7 39. Qxa5 Qe7 40. Qa6 Kh6 41. Qa8 Kg7 42. Qb8 Bd6 43. Qb3 Ba3 44. d5 1-0

[Event "CRO-chT2 East"]
[Site "Osijek"]
[Date "2013.04.20"]
[Round "1.33"]
[White "Opacak, Ivan"]
[Black "Grguric, Damir"]
[Result "1/2-1/2"]
[WhiteElo "1879"]
[BlackElo "1981"]
[PlyCount "29"]
[EventDate "2013.04.20"]
[EventType "team-tourn"]
[EventRounds "11"]
[EventCountry "CRO"]
[SourceTitle "EXT 2023"]
[Source "ChessBase"]
[SourceDate "2022.10.05"]
[SourceVersion "1"]
[SourceVersionDate "2022.10.05"]
[SourceQuality "1"]

1. e4 e6 2. d4 d5 3. e5 c5 4. c3 Nc6 5. f4 Qb6 6. Nf3 Bd7 7. Be2 Nge7 8. Na3 cxd4 9. Nxd4 Ng6 10. Nac2 Nxd4 11. Nxd4 Bc5 12. 0-0 0-0 13. b4 Be7 14. Be3 Qc7 15. Qd2 1/2-1/2

[Event "CRO-chT3 East-A"]
[Site "Croatia"]
[Date "2005.03.20"]
[Round "2.5"]
[White "Grgic, Ivan"]
[Black "Opacak, Ivan"]
[Result "1-0"]
[WhiteElo "2053"]
[BlackElo "1955"]
[PlyCount "87"]
[EventDate "2005.03.13"]
[EventType "team-tourn"]
[EventRounds "11"]
[EventCountry "CRO"]
[SourceTitle "EXT 2007"]
[Source "ChessBase"]
[SourceDate "2006.11.23"]
[SourceVersion "1"]
[SourceVersionDate "2006.11.23"]
[SourceQuality "1"]
[WhiteTeam "Kutjevo"]
[BlackTeam "Rusevica"]
[WhiteTeamCountry "CRO"]
[BlackTeamCountry "CRO"]

1. e4 e6 2. d4 d5 3. Nc3 Nf6 4. e5 Nfd7 5. Nf3 c5 6. Be3 cxd4 7. Bxd4 Nc6 8. Bb5 Qc7 9. Qe2 a6 10. Ba4 b5 11. Bb3 Nxd4 12. Nxd4 Qxe5 13. Qxe5 Nxe5 14. 0-0-0 Bd7 15. Rhe1 Bd6 16. Nxd5 exd5 17. Bxd5 0-0 18. Bxa8 Rxa8 19. Nc6 Nc4 20. Ne7+ Kf8 21. b3 Bf4+ 22. Kb1 Nb6 23. g3 Bg5 24. Nd5 Nxd5 25. Rxd5 Ra7 26. Rxg5 f5 27. Rh5 h6 28. Rh4 a5 29. Rd4 Kf7 30. Red1 Be6 31. Rd6 a4 32. Rb6 axb3 33. axb3 Bd7 34. Kb2 Rc7 35. c3 h5 36. Rd4 g6 37. Rdd6 Be8 38. Rxg6 Re7 39. Rh6 Re2+ 40. Ka3 Rxf2 41. Rxh5 Rf3 42. Rh7+ Kg8 43. Re7 Kf8 44. Rc7 1-0